LEADER 01824nam 2200409 n 450 001 996395900103316 005 20200824121153.0 035 $a(CKB)3810000000011271 035 $a(Cu-RivES)S111207 035 $a(EEBO)2264206457 035 $a(UnM)ocm99883510e 035 $a(UnM)99883510 035 $a(EXLCZ)993810000000011271 100 $a19940708d1644 uy 101 0 $aeng 135 $aurbn||||a|bb| 200 10$aTwelve considerable serious questions touching church government$b[electronic resource] $esadly propounded (out of a reall desire of vnitie, and tranquillity in church and state) to all sober-minded Christians, cordially affecting a speedy setled reformation, and brotherly Christian vnion in all our churches and dominions, now miserably wasted with civill vnnaturall wars, and deplorably lacerated with ecclesiasticall dissentions. /$fBy William Prynne of Lincolnes Inne, Esquier. 210 $aLondon, $cPrinted by F[rancis]. L[each]. for Michael Sparke Senior, and are to bee sold at the Blew-Bible in Green-Arbour.$d1644. 215 $a8 p 300 $aPrinter's name from Wing CD. 300 $aAnnotation on Thomason copy: "Sept: 16th". 300 $aReproduction of original in the British Library. 330 $aeebo-0018 606 $aChurch polity$vEarly works to 1800 606 $aCongregationalism$vEarly works to 1800 607 $aGreat Britain$xChurch history$y17th century$vEarly works to 1800 615 0$aChurch polity 615 0$aCongregationalism 700 $aPrynne$b William$f1600-1669.$0198500 801 0$bCu-RivES 801 1$bCu-RivES 801 2$bCStRLIN 801 2$bCu-RivES 906 $aBOOK 912 $a996395900103316 996 $aTwelve considerable serious questions touching church government$92380395 997 $aUNISA